Az újraolvasás folyamata

Elmentve itt :
Bibliográfiai részletek
Szerző: Palkó Gábor
Dokumentumtípus: Cikk
Megjelent: 2000
Sorozat:Iskolakultúra 10 No. 9
Online Access:http://misc.bibl.u-szeged.hu/40311
LEADER 00550nab a2200169 i 4500
001 misc40311
005 20191106140918.0
008 180709s2000 hu o 0|| zxx d
022 |a 1215-5233 
040 |a SZTE Miscellanea Repozitórium  |b hun 
041 |a zxx 
100 1 |a Palkó Gábor 
245 1 3 |a Az újraolvasás folyamata  |h [elektronikus dokumentum] /  |c  Palkó Gábor 
260 |c 2000 
300 |a 111-113 
490 0 |a Iskolakultúra  |v 10 No. 9 
856 4 0 |u http://misc.bibl.u-szeged.hu/40311/1/EPA00011_iskolakultura_2000_09_111-113.pdf  |z Dokumentum-elérés